Datum a čas kvízu

31.5 Celkem bodů Celkový počet nahraných bodů na tomto kvízu bez doplňovacích otázek.
4. Pořadí na kvízu Konečné umístění týmu na tomto kvízu.

Zaznamenané odpovědi

# Otázka Odpověď Body Výsledky
1. Šedesát kriticky ohrožených hl... sysel 1
2. Americký prezident Donald Trum... UNESCO 1
3. Hudební festival Pop Messe při... Brno 1
4. Společnost Central European Pe... Polsku 1
5. Závěrečnou 21. etapou byl v ne... Wout van Aert 0
6. Ve stejný den na svátek Sv. Ru... Přemysl Otakar II. a Jan Lucemburský 1
7. Ve kterém roce se odehrála bit... 1620 1
8. Dva čeští vojáci, kteří se o m... D 1
9. Jedním z mála projevů vzdoru p... Frýdek-Místek 1
10. Poslední otázku věnujeme poráž... 2000; Nizozemsko 1